| 000 | 02239nam0a2200337 4500 | ||
|---|---|---|---|
| 001 | RU\NLR\BIBL_A\011758202 | ||
| 005 | 20260628042947.0 | ||
| 010 |
_a978-5-906990-57-0 _9500 |
||
| 021 |
_aRU _bКН-П-18-046108 _9КН-П-18-3321 |
||
| 035 | _a(NLR Aleph) 011758202 | ||
| 035 | _a(RuMoRGB)009670046 | ||
| 090 |
_a11663398 _c11663398 |
||
| 100 | _a20180725d2018 u y0rusy50 ca | ||
| 101 | 0 | _arus | |
| 102 | _aRU | ||
| 105 | _aa|||j|||000zy | ||
| 200 | 1 |
_aКорпоративное управление и корпоративная социальная ответственность _eучебное пособие для бакалавров направлений подготовки 38.03.04 Государственное и муниципальное управление и 38.03.03 Управление персоналом _fН.Н. Павелко, Г.Ю. Павлова _gНегосударственное аккредитованное некоммерческое частное образовательное учреждение "Академия маркетинга и социально-информационных технологий - ИМСИТ" (г. Краснодар) |
|
| 210 |
_aКраснодар _cНовация _d2018 |
||
| 215 |
_a322 с. _cтабл., ил. _d20 |
||
| 320 | _aБиблиогр.: с. 318-322, в тексте и в подстроч. примеч. | ||
| 606 | 1 |
_aУправление _jУчебные издания для высших учебных заведений _xСоциально-психологические исследования _91489492 _3RU\NLR\AUTH\66639629 |
|
| 606 |
_8rus _aУправление корпоративное _7ca _jУчебные издания для высших учебных заведений _3RU\NLR\AUTH\661263994 _92087856 |
||
| 686 | 1 | _aУ21(0)25я73 | |
| 686 | 1 | _aС550.373я73 | |
| 700 | 1 |
_aПавелко _bН. Н. _gНадежда Николаевна |
|
| 701 | 1 |
_aПавлова _bГ. Ю. _cканд. культурологии _gГалина Юрьевна _9180395 _3RU\NLR\AUTH\770180446 |
|
| 942 | _cBOOK | ||
| 980 | _aNBR | ||
| 980 | _aNB | ||